00358 a2200097 4500001001000000005001700010008004100027245009600068100002100164773007500185ART_5267120260410161822.0260409a 10a¿Qué consecuencia provoca si la fiscalización es la primera etapa de un proceso penal?1 aVega, Gerardo E.0 tDoctrina Penal Tributaria y Económicag- N° 60 (jun. 2021)wREV4317